000 01263nam0a22002531 4500
001 rc\2907986
005 20250806211307.0
035 _a(NLR Aleph) 007058887
090 _a43657
_c43657
100 _a20110804d1943 u y0rusy50 ca
101 0 _arus
102 _aRU
105 _aa z |||||
200 1 _aСвойства и рациональные способы сжигания углей Дальневосточного края (ДВК) в котельных малой и средней мощностей
_e(Конспект лекций)
_fпроф. Р.Г. Грановский
_gВсесоюз. науч. инженер.-техн. о-во энергетики и электросвязи. Ин-т усовершенствования по энергетике и электросвязи
210 _aМосква
_aЛенинград
_cГосэнергоиздат
_d1943
_eМосква
215 _a15 с., Без обл.
_cчерт.
_d21 см
700 1 _aГрановский
_bР.Г.
_f1884-
_gРоман Григорьевич
801 0 _aRU
_bNLR
_gpsbo
801 1 _aRU
_bELAR
_2rusmarc
852 _aNLR
_jТ14 Г-4/108
942 _cBOOK
945 _aРоссийская национальная библиотека
980 _aNB
980 _aBV